Текст томруулах:    
The invisible wall (Бичлэгийн дугаар. 145452)
000 -УДИРДЛАГА
Удирдлага 00672nam a22002177a 4500
003 - ХЯНАЛТЫН ТОО ТОДОРХОЙЛОГЧ
Код MN-UlNUM
005 - БИЧИЛТ ХИЙСЭН ОГНОО
Тухайн бичилтийг бичсэн засварласан сүүлийн огноо 20260409172848.0
008 - ЕРӨНХИЙ МЭДЭЭЛЭЛ
Ерөнхий мэдээлэл 251110s1998 dcuafb|| |||| 001 0deng d
020 ## - ISBN
ISBN 1887178732
-- 1887178730
040 ## - БИЧЛЭГ ҮҮСГЭГЧ БАЙГУУЛЛАГА
Бичлэг үүсгэгч номын сангийн код МУИС-ийн номын сан
084 ## - ББК АНГИЛАЛ
Нэмэлт тусгалт Нэг сэдэвт бүтээл
ББК ангилал 63.3(4)
Зохиогчийн гурван тэмдэгт B 19
Мэдлэгийн ялгаа 63 - Түүх
100 1# - ЗОХИОГЧ
Зохиогчийн нэр Blumenthal, W. Michael,
Зохиогчийн огноо 1926-
245 14 - ҮНДСЭН ГАРЧИГ
Номын нэр The invisible wall
Бага гарчгийн мэдээ Germans and Jews: a personal exploration
Оролцогчдын тухай мэдээ W. Michael Blumenthal.
260 ## - ГАРАЛТЫН МЭДЭЭ
Хэвлэгдсэн газар Washington, D.C. :
Хэвлэлийн газар Counterpoint,
Хэвлэгдсэн он 1998
300 ## - МАТЕРИАЛЫН ТОДОРХОЙЛОЛТ
хуудасны тоо xiv, 444 p., [16] p. of plates:
Бусад тоон мэдээлэл ill. ;
Хэмжээ 25 cm.
500 ## - Тайлбар
Дансны дугаар БС 2034
546 ## - ХЭЛНИЙ ТУХАЙ МЭДЭЭ
Хэл Англи хэл дээр,
653 ## - Түлхүүр үг
Түлхүүр үг jews $z Germany $x Genealogy.
942 ## - ЭЛЕМЕНТИЙН ТӨРӨЛ
Зүйлийн төрөл Ном